| Tag |
First Indicator |
Second Indicator |
Subfields |
| LEADER |
00000pam a2200000 a 4500 |
| 001 |
in00000075082 |
| 005 |
20151008060306.0 |
| 008 |
800710s1981 njua b 00110 engm |
| 010 |
|
|
|a 80019253
|
| 020 |
|
|
|a 0136478425
|
| 020 |
|
|
|a 0136478344 (pbk.)
|
| 035 |
|
|
|a (OCoLC)06581387
|
| 035 |
|
|
|9 AAJ5481AM
|
| 040 |
|
|
|a DLC
|c DLC
|d m.c.
|d TXA
|d UtOrBLW
|
| 049 |
|
|
|a TXAM
|c 1 [1196446], 2 [803929]
|
| 050 |
0 |
0 |
|a TS195
|b R67
|
| 082 |
0 |
|
|a 688.8
|2 19
|
| 100 |
1 |
|
|a Roth, Lászlo.
|
| 245 |
1 |
0 |
|a Package design :
|b an introduction to the art of packaging /
|c Laszlo Roth.
|
| 264 |
|
1 |
|a Englewood Cliffs, N.J. :
|b Prentice-Hall,
|c [1981]
|
| 264 |
|
4 |
|c ©1981
|
| 300 |
|
|
|a xii, 212 pages :
|b illustrations ;
|c 28 cm.
|
| 336 |
|
|
|a text
|b txt
|2 rdacontent
|
| 337 |
|
|
|a unmediated
|b n
|2 rdamedia
|
| 338 |
|
|
|a volume
|b nc
|2 rdacarrier
|
| 490 |
0 |
|
|a A Spectrum book
|
| 500 |
|
|
|a Includes index.
|
| 504 |
|
|
|a Bibliography: page 210.
|
| 650 |
|
0 |
|a Packaging.
|
| 999 |
|
|
|a MARS
|
| 999 |
f |
f |
|s 6ea3c73e-faab-327e-a5cc-b93084042b7c
|i e85550f1-8af8-39b7-aefb-1aca38f622b2
|t 0
|
| 952 |
f |
f |
|p ric
|a Texas A&M University
|b Rellis Campus
|c Joint Library Facility
|d Remote Storage
|t 0
|e TS195 R67
|h Library of Congress classification
|i unmediated -- volume
|m A14807326292
|
| 998 |
f |
f |
|a TS195 R67
|t 0
|l Remote Storage
|